|
|
|
|
| LEADER |
00000cam a2200000 a 4500 |
| 001 |
vtls001173239 |
| 003 |
SK-MaSNL |
| 005 |
20260301233804.0 |
| 008 |
250414s1950 xr 00000 cze |
| 035 |
|
|
|a SNK000116223
|
| 040 |
|
|
|a SNK
|b slo
|c SNK
|e AACR2
|
| 041 |
0 |
|
|a cze
|
| 044 |
|
|
|a xr
|c CZ
|
| 080 |
|
|
|a 329.7
|2 2001
|
| 080 |
|
|
|a 323.382
|2 2001
|
| 100 |
1 |
|
|a Arbes, Jakub,
|d 1840-1914
|4 aut
|9 262099
|
| 245 |
1 |
0 |
|a Z krvavých zápasů
|c Jakub Arbes
|
| 250 |
|
|
|a 1. vyd.
|
| 260 |
|
|
|a Praha
|b Melantrich
|c 1950
|e Brno
|f Svoboda
|
| 300 |
|
|
|a 339, [3] s.
|c 19 cm
|
| 490 |
0 |
|
|a Dílo Jakuba Arbesa
|v sv. 16
|
| 650 |
0 |
7 |
|a robotnícke hnutie
|2 SNKPH
|9 4769
|
| 650 |
0 |
7 |
|a dejiny robotníckeho hnutia
|2 SNKPH
|9 307196
|
| 650 |
0 |
7 |
|a revolúcie
|2 SNKPH
|9 4760
|
| 655 |
|
7 |
|a eseje
|2 SNKPH
|9 57030
|
| 700 |
1 |
|
|a Polák, Karel,
|d 1903-1956
|4 aui
|9 90086
|
| 800 |
1 |
|
|a Arbes, Jakub,
|d 1840-1914
|t Dílo
|9 628891
|
| 852 |
|
|
|a Slovenská národná knižnica
|
| 999 |
|
|
|c 967692
|d 969622
|
| 952 |
|
|
|t P60, <04>, [BOOK], {604}
|a SNK
|b SNK
|y VYP
|7 0
|p 17A0065990
|o snkID 3142/16 D1
|0 0
|1 1
|4 0
|d 1997-05-05
|l 0
|r 2005-01-01 00:00:00
|w 2026-02-24
|